Flags of WW2 - Statistics

General Stats
  • This quiz has been taken 10,819 times
  • The average score is 20 of 27
Answer Stats
Picture Answer % Correct
Nazi Germany
99%
United States of America
98%
France
97%
Japan
97%
Soviet Union
97%
United Kingdom
97%
Italy
96%
Australia
86%
China
84%
Poland
84%
Finland
79%
Norway
77%
New Zealand
76%
Spain
76%
Romania
74%
Bulgaria
73%
Netherlands
73%
Thailand
73%
Philippines
70%
Canada
68%
South Africa
60%
Vichy France
49%
British Raj
48%
Free France
46%
Yugoslavia
41%
Egypt
37%
Manchukuo
25%
No matching quizzes found
Score Distribution
Percent of People with Each Score
Percentile by Number Answered
Your Score History
You have not taken this quiz